Para ascender al alba (Registro nro. 33347)

Detalles MARC
000 -CABECERA
Longitud fija campo de control 00696nam a22002177a 4500
003 - IDENTIFICADOR DELl NÚMERO DE CONTROL
Identificador del número de control OSt
005 - FECHA Y HORA DE LA ÚLTIMA TRANSACCIÓN
Fecha y hora de la última transacción 20220922211816.0
008 - CÓDIGOS DE INFORMACIÓN DE LONGITUD FIJA
Códigos de información de longitud fija 220922b ||||| |||| 00| 0 eng d
020 ## - NÚMERO INTERNACIONAL NORMALIZADO PARA LIBROS
Número Internacional Normalizado para Libros (ISBN) 978-99961-70-59-1
040 ## - FUENTE DE LA CATALOGACIÓN
Centro catalogador de origen BMC
Centro transcriptor BMC
082 ## - NÚMERO DE LA CLASIFICACIÓN DECIMAL DEWEY
Númeroo de clasificación Sv861.40904
100 1# - PUNTO DE ACCESO PRINCIPAL-NOMBRE DE PERSONA
9 (RLIN) 9180
Nombre de persona Dalton, Roque
Fechas asociadas al nombre 1935-1975
245 10 - MENCIÓN DE TÍTULO
Título Para ascender al alba
Resto del título : antología poética
Mención de responsabilidad, etc. Roque Dalton
250 ## - MENCIÓN DE EDICIÓN
Mención de edición 1ª ed
260 ## - PUBLICACIÓN, DISTRIBUCIÓN, ETC. (PIE DE IMPRENTA)
Lugar de publicación, distribución, etc. San Salvador, El Salvador
Nombre del editor, distribuidor, etc. Ministerio de Educación
Fecha de publicación, distribución, etc. 2018
Lugar de fabricación Talleres Gráficos UCA
300 ## - DESCRIPCIÓN FÍSICA
Extensión 211 p.
Dimensiones 23 cm
490 ## - MENCIÓN DE SERIE
Mención de serie Biblioteca Escolar Presidencial
Designación de volumen o secuencia 8
650 24 - PUNTO DE ACCESO ADICIONAL DE MATERIA - TÉRMINO DE MATERIA
9 (RLIN) 23506
Término de materia o nombre geográfico como elemento inicial Poesía salvadoreña
Subdivisión cronológica S. XX
942 ## - ENTRADA DE ELEMENTOS AGREGADOS (KOHA)
Fuente de clasificaión o esquema Dewey Decimal Classification
Koha [por defecto] tipo de item 1- Monografias
Parte de clasificación prozim
Existencias
Suprimido Perdido Fuente de clasificación o esquema Estropeado Restricciones de uso No para préstamo Código de colección Localización permanente Localización actual Localización en estanter&íacute;as Fecha adquisición Fuente de adquisición Número de inventario Préstamos totales Signatura completa Código de barras Fecha última consulta Fecha del precio de reemplazo Tipo de item de Koha Fecha último préstamo
NULL NULL Dewey Decimal Classification NULL Prestable NULL NULL Biblioteca Centro Regional de Ilobasco Biblioteca Centro Regional de Ilobasco Sala Principal 15/02/2023 Donado por Biblioteca Miguel de Cervantes LI005649 3 P DAL par 1050350 08/04/2026 22/03/2023 1- Monografias 08/04/2026
NULL NULL Dewey Decimal Classification NULL Prestable NULL NULL Biblioteca Miguel de Cervantes - UNICAES Biblioteca Miguel de Cervantes - UNICAES Sala Principal 29/06/2022 Donación - Facultad de Ciencias y Humanidades 035251   P DAL par 1049838 22/09/2022 22/09/2022 1- Monografias  
NULL NULL Dewey Decimal Classification NULL Prestable NULL NULL Biblioteca Miguel de Cervantes - UNICAES Biblioteca Miguel de Cervantes - UNICAES Sala Principal 29/06/2022 Donación - Facultad de Ciencias y Humanidades 035252   P DAL par 1049839 22/09/2022 22/09/2022 1- Monografias